Normal view
MARC view
- PROJECT SUPERVISOR Dr. Raja Amer Azim
Entry Corporate Name
001 - CONTROL NUMBER
- control field: 85606
003 - CONTROL NUMBER IDENTIFIER
- control field: NUST
005 - DATE AND TIME OF LATEST TRANSACTION
- control field: 20211203115327.0
008 - FIXED-LENGTH DATA ELEMENTS
- fixed length control field: 211203|| aca||aabn | a|a d
040 ## - CATALOGING SOURCE
- Original cataloging agency: NUST
- Transcribing agency: NUST
110 ## - HEADING--CORPORATE NAME
- Corporate name or jurisdiction name as entry element: PROJECT SUPERVISOR Dr. Raja Amer Azim
670 ## - SOURCE DATA FOUND
- Source citation: Work cat.: (NUST): AHMAD SAOOD AHMAD BIN NISAR MUHAMMAD DANISH ARSHAD MUHAMMAD MUNEEB JAVED 85605, PR-SOF-2043-Motion Planning of an autonomous Vehicle, 2021.
